书目信息 |
| 题名: |
计算机系统结构
|
|
| 作者: | 陈智勇 主编 | |
| 分册: | ||
| 出版信息: | 西安 西北电子科技大学出版社 2004.01 |
|
| 页数: | 324页 | |
| 开本: | 26cm | |
| 丛书名: | 面向21世纪高等学校计算机类专业系列教材 | |
| 单 册: | ||
| 中图分类: | TP303 | |
| 科图分类: | ||
| 主题词: | 计算机体系结构--高等学校--教材 | |
| 电子资源: | ||
| ISBN: | 7-5606-1309-8 | |
| 000 | 01022nam 2200265 450 | |
| 001 | 0140624080 | |
| 005 | 20050910154122.94 | |
| 010 | @a7-5606-1309-8@dCNY22.00 | |
| 100 | @a20040624d2004 km y0chiy0120 ea | |
| 101 | 0 | @achi |
| 102 | @aCN@b610000 | |
| 105 | @aa a 000yy | |
| 200 | 1 | @a计算机系统结构@AJi Suan Ji Xi Tong Jie Gou@d= Computer System Architecture@f陈智勇主编@FChen Zhi Yong Zhu Bian@zeng |
| 210 | @a西安@c西北电子科技大学出版社@d2004.01 | |
| 215 | @a324页@c图@d26cm | |
| 225 | 2 | @a面向21世纪高等学校计算机类专业系列教材 |
| 320 | @a有书目 (第324页)。 | |
| 330 | @a本书共分九章,主要内容包括基础知识、指令系统、存储系统设计、流水线计算机设计技术、并行处理技术、向量处理机、多处理机、并行算法、数据流计算机系统结构。 | |
| 410 | 0 | @12001 @a面向21世纪高等学校计算机类专业系列教材 |
| 510 | 1 | @aComputer System Architecture@zeng |
| 606 | 0 | @a计算机体系结构@x高等学校@j教材 |
| 690 | @aTP303@v4 | |
| 701 | 0 | @a陈智勇@AChen Zhi Yong@4主编 |
| 801 | 0 | @aCN@bQSSK@c20050910 |
| 905 | @a10447@dTP303@eC658 | |
| 计算机系统结构= Computer System Architecture/陈智勇主编.-西安:西北电子科技大学出版社,2004.01 |
| 324页:图;26cm.-(面向21世纪高等学校计算机类专业系列教材) |
| ISBN 7-5606-1309-8:CNY22.00 |
| 本书共分九章,主要内容包括基础知识、指令系统、存储系统设计、流水线计算机设计技术、并行处理技术、向量处理机、多处理机、并行算法、数据流计算机系统结构。 |
| ● |
| 相关链接 |
|
|
|
正题名:计算机系统结构
索取号:TP303/C658
 
预约/预借
| 序号 | 登录号 | 条形码 | 馆藏地/架位号 | 状态 | 备注 |
| 1 | 568695 | 205686952 | 自科库301/301自科库 75排2列1层/ [索取号:TP303/C658] | 在馆 | |
| 2 | 568696 | 205686961 | 自科库301/301自科库 75排2列1层/ [索取号:TP303/C658] | 在馆 | |
| 3 | 568697 | 205686970 | 自科二线400A/400A自科库 4排2列6层/ [索取号:TP303/C658] | 在馆 |